Численное исследование физико-химических процессов в камере сгорания газотурбинного двигателя; Бутаковские чтения

Dades bibliogràfiques
Parent link:Бутаковские чтения.— 2022.— [С. 175-177]
Autor principal: Абрамов Н. В.
Autor corporatiu: Национальный исследовательский Томский политехнический университет Инженерная школа энергетики Научно-образовательный центр И. Н. Бутакова (НОЦ И. Н. Бутакова)
Altres autors: Гиль А. В. Андрей Владимирович (научный руководитель)
Sumari:Заглавие с экрана
Idioma:rus
Publicat: 2022
Col·lecció:Теплофизические аспекты энергетических технологий
Matèries:
Accés en línia:http://earchive.tpu.ru/handle/11683/76005
Format: MixedMaterials Electrònic Capítol de llibre
KOHA link:https://koha.lib.tpu.ru/cgi-bin/koha/opac-detail.pl?biblionumber=635699

MARC

LEADER 00000naa2a2200000 4500
001 635699
005 20231101133856.0
035 |a (RuTPU)RU\TPU\conf\37556 
035 |a RU\TPU\conf\37551 
090 |a 635699 
100 |a 20230525d2022 k y0rusy50 ca 
101 0 |a rus 
102 |a RU 
105 |a y z 101zy 
135 |a drcn ---uucaa 
181 0 |a i  
182 0 |a b 
200 1 |a Численное исследование физико-химических процессов в камере сгорания газотурбинного двигателя  |f Н. В. Абрамов  |g науч. рук. А. В. Гиль 
203 |a Текст  |c электронный 
225 1 |a Теплофизические аспекты энергетических технологий 
230 |a 1 компьютерный файл (pdf; 149 Kb) 
300 |a Заглавие с экрана 
320 |a [Библиогр.: с. 176-177 (4 назв.)] 
463 0 |0 (RuTPU)RU\TPU\conf\37517  |t Бутаковские чтения  |o материалы II Всероссийской с международным участием молодежной конференции, 13-15 декабря 2022 г., Томск  |f Национальный исследовательский Томский политехнический университет ; ред. кол. А. С. Заворин, А. С. Матвеев, С. Г. Обухов [и др.]  |v [С. 175-177]  |d 2022 
610 1 |a электронный ресурс 
610 1 |a труды учёных ТПУ 
610 1 |a численные исследования 
610 1 |a физико-химические процессы 
610 1 |a камеры сгорания 
610 1 |a газотурбинные двигатели 
610 1 |a вредные выбросы 
700 1 |a Абрамов  |b Н. В. 
702 1 |a Гиль  |b А. В.  |c специалист в области теплотехники  |c доцент Томского политехнического университета, кандидат технических наук  |f 1983-  |g Андрей Владимирович  |2 stltpush  |4 727 
712 0 2 |a Национальный исследовательский Томский политехнический университет  |b Инженерная школа энергетики  |b Научно-образовательный центр И. Н. Бутакова (НОЦ И. Н. Бутакова)  |h 8025  |2 stltpush  |3 (RuTPU)RU\TPU\col\23504 
801 2 |a RU  |b 63413507  |c 20230615  |g RCR 
856 4 |u http://earchive.tpu.ru/handle/11683/76005 
942 |c BK